Mô hình hóa dòng không ổn định
Na minha lista:
| Autor principal: | |
|---|---|
| Outros Autores: | |
| Formato: | Livro |
| Idioma: | Vietnamese |
| Publicado em: |
Đà Nẵng,
1997.
|
| Assuntos: | |
| Tags: |
Adicionar Tag
Sem tags, seja o primeiro a adicionar uma tag!
|
| Thư viện lưu trữ: | Mạng thư viện Đại học Đà Nẵng |
|---|
| LEADER | 00942cmm a2200325 i 4500 | ||
|---|---|---|---|
| 001 | 000044779 | ||
| 003 | 3187 | ||
| 005 | 20030508142311.0 | ||
| 008 | 010307|1997 vm 000 vie | ||
| 040 | |a IRC |c IRC |d IRC | ||
| 041 | 0 | |a vie | |
| 082 | 1 | 4 | |a 620.106 |b PH-L |
| 100 | 1 | |a Phạm Thị Kim Loan. | |
| 245 | 0 | 0 | |a Mô hình hóa dòng không ổn định |h [Thesis-Luận văn] / |c Phạm Thị Kim Loan thực hiện; Huỳnh Văn Hoàng hướng dẫn. |
| 260 | |a Đà Nẵng, |c 1997. | ||
| 300 | |a 104Tr. ; |c 29cm. | ||
| 630 | 0 | 4 | |a Luận án. |
| 630 | 0 | 4 | |a Động cơ nhiệt. |
| 650 | 0 | 4 | |a Động cơ nhiệt |x Dòng không ổn định. |
| 700 | 1 | |a Huỳnh Văn Hoàng, |c PTS, |e hướng dẫn. | |
| OWN | |a DUT | ||
| 999 | |a From the UDN01 | ||
| TYP | |a Computer file | ||
| TYP | |a Monograph | ||
| 980 | |a Mạng thư viện Đại học Đà Nẵng | ||